[Event "Getxo op 4th"]
[Site "Getxo"]
[Date "2019.09.10"]
[Round "4"]
[White "Urbieta Gabancho, Koldo"]
[Black "Vega Villa, Javier"]
[Result "1-0"]
[WhiteElo "1827"]
[BlackElo "1385"]
[PlyCount "45"]
[EventDate "2019.09.08"]
[EventType "swiss"]
[EventRounds "9"]
[EventCountry "ESP"]
[SourceTitle "EXT 2020"]
[Source "ChessBase"]
[SourceDate "2019.10.17"]
[SourceVersion "1"]
[SourceVersionDate "2019.10.17"]
[SourceQuality "1"]

1. Nf3 d5 2. c4 e6 3. b3 Nf6 4. Bb2 c5 5. cxd5 exd5 6. g3 Bd6 7. Bg2 0-0 8. 0-0 Nc6 9. d3 Re8 10. Nbd2 Bf5 11. h3 h6 12. Re1 d4 13. Nf1 Qd7 14. Kh2 g5 15. e4 Bg6 16. Bc1 Kh7 17. Kg1 g4 18. hxg4 Nxg4 19. Bh3 h5 20. Nh4 Qe7 21. Bxg4 hxg4 22. Qxg4 Rh8 23. Nf5 1-0

[Event "Erandio op 21st"]
[Site "Erandio"]
[Date "2012.12.27"]
[Round "5"]
[White "Urbieta Gabancho, Koldo"]
[Black "Marchena Hurtado, Javier"]
[Result "1-0"]
[WhiteElo "1928"]
[BlackElo "2065"]
[PlyCount "101"]
[EventDate "2012.12.22"]
[EventType "swiss"]
[EventRounds "9"]
[EventCountry "ESP"]
[SourceTitle "CBM 152 Extra"]
[Source "ChessBase"]
[SourceDate "2013.02.25"]
[SourceVersion "1"]
[SourceVersionDate "2013.02.25"]
[SourceQuality "1"]

1. Nf3 d5 2. c4 c6 3. b3 Nf6 4. Bb2 Bg4 5. g3 e6 6. Bg2 Nbd7 7. 0-0 Bd6 8. d4 0-0 9. Ne5 Bf5 10. h3 Qc7 11. f4 Be4 12. Nd2 Bxg2 13. Kxg2 c5 14. e3 cxd4 15. exd4 dxc4 16. bxc4 Rad8 17. Qe2 Qa5 18. Nb3 Qa4 19. Rfc1 Ba3 20. Bxa3 Qxa3 21. Nf3 Rc8 22. Rc2 Rc7 23. Rac1 Rfc8 24. Ne5 Qb4 25. Nd2 h6 26. Qd3 Rd8 27. Nxd7 Rcxd7 28. Nf3 Qa4 29. Re2 Qc6 30. Kf2 Qd6 31. Qe3 Rc7 32. Rec2 Qb6 33. g4 Rdc8 34. Kg3 Nd5 35. Qb3 Qxb3 36. axb3 f6 37. Re2 Kf7 38. Rce1 Nb4 39. Rxe6 Rd7 40. f5 Nc2 41. R1e4 Nb4 42. h4 Rh8 43. g5 hxg5 44. hxg5 Rc8 45. g6+ Kf8 46. Rh4 Kg8 47. Re2 Rcd8 48. d5 Nd3 49. Nd4 Nc5 50. b4 Nd3 51. Ne6 1-0

[Event "Euskadi-chT (Vasca) Div 1st"]
[Site "Bergara"]
[Date "2012.03.03"]
[Round "8.4"]
[White "Urbieta Gabancho, Koldo"]
[Black "Aguinaga Ruiz, Jesus Luis"]
[Result "0-1"]
[WhiteElo "1949"]
[BlackElo "1956"]
[PlyCount "150"]
[EventDate "2012.01.14"]
[EventType "team-tourn"]
[EventRounds "9"]
[EventCountry "ESP"]
[SourceTitle "EXT 2024"]
[Source "ChessBase"]
[SourceDate "2023.10.10"]
[SourceVersion "1"]
[SourceVersionDate "2023.10.10"]
[SourceQuality "1"]

1. e4 Nc6 2. d4 d5 3. e5 f6 4. f4 Nh6 5. c3 Bg4 6. Be2 Bf5 7. Bf3 Qd7 8. h3 e6 9. Qe2 fxe5 10. fxe5 Bxb1 11. Rxb1 Nf5 12. Bf4 Be7 13. Kd1 0-0-0 14. Qd2 h6 15. Ne2 g5 16. Be3 Nh4 17. Rf1 Rdf8 18. Ng1 Qe8 19. Qd3 Nf5 20. Bf2 h5 21. g4 hxg4 22. Bxg4 Bd8 23. Kc2 Nce7 24. Ne2 Qa4+ 25. b3 Qxa2+ 26. Rb2 Qa5 27. Rfb1 Qb6 28. Ra1 Nh6 29. Bf3 Rf7 30. c4 Rhf8 31. Ng1 Nc6 32. Qc3 g4 33. hxg4 Nxg4 34. c5 Qb4 35. Qxb4 Nxb4+ 36. Kc3 Rxf3+ 37. Nxf3 Rxf3+ 38. Kxb4 Nxf2 39. Rc2 Nd3+ 40. Ka3 Rf4 41. Rd2 Rf3 42. Rg1 Kd7 43. Rh2 Be7 44. Rh7 Rf8 45. Rgg7 Re8 46. Rf7 b6 47. Rh3 bxc5 48. Rxd3 c4+ 49. Rxe7+ Rxe7 50. bxc4 dxc4 51. Rc3 Kc6 52. Rxc4+ Kd5 53. Ra4 c5 54. dxc5 Kxc5 55. Kb3 Kd5 56. Ra5+ Ke4 57. Kc3 Rd7 58. Kc2 Rd5 59. Rxa7 Kxe5 60. Ra3 Ke4 61. Rh3 e5 62. Kc3 Kf4 63. Rh4+ Kg3 64. Rh5 Kg4 65. Rh8 e4 66. Kc4 Rd7 67. Kc3 e3 68. Re8 Kf3 69. Rf8+ Ke2 70. Re8 Kf2 71. Rf8+ Ke1 72. Kc2 e2 73. Re8 Rf7 74. Rh8 Kf1 75. Rh1+ Kg2 0-1

[Event "Huarte Puente Foral op-B 5th"]
[Site "Huarte"]
[Date "2010.12.05"]
[Round "4"]
[White "Apesteguia Domaica, Jose Antonio"]
[Black "Urbieta Gabancho, Koldo"]
[Result "1-0"]
[WhiteElo "1827"]
[BlackElo "1972"]
[PlyCount "102"]
[EventDate "2010.12.03"]
[EventType "swiss"]
[EventRounds "7"]
[EventCountry "ESP"]
[SourceTitle "EXT 2016"]
[Source "ChessBase"]
[SourceDate "2015.10.08"]
[SourceVersion "1"]
[SourceVersionDate "2015.10.08"]
[SourceQuality "1"]

1. d4 d5 2. c4 c6 3. Nc3 a6 4. e3 Nf6 5. Nf3 Bf5 6. Be2 e6 7. 0-0 Nbd7 8. a3 Be7 9. Re1 0-0 10. Nh4 Bg6 11. cxd5 cxd5 12. Nxg6 hxg6 13. Bd2 b5 14. Na2 Nb6 15. Bb4 Rc8 16. Rc1 Qd7 17. Qb3 Nc4 18. Bxe7 Qxe7 19. Nb4 Qb7 20. Nd3 Nd7 21. Qa2 Qb6 22. b3 Nd6 23. Qb2 a5 24. Rxc8 Rxc8 25. Rc1 Rc6 26. Rxc6 Qxc6 27. Qc1 Qxc1+ 28. Nxc1 Nb6 29. Nd3 a4 30. bxa4 Nxa4 31. Nc5 Nc3 32. Bd3 Nc4 33. Bxc4 dxc4 34. Kf1 Kf8 35. Ke1 Nb1 36. a4 b4 37. a5 Nc3 38. Kd2 Nb5 39. Nd7+ Ke7 40. Ne5 c3+ 41. Kc2 Na7 42. Kb3 f6 43. Nxg6+ Kd6 44. Nf4 Nc6 45. Nd3 Kc7 46. Nc5 Kd6 47. a6 e5 48. a7 Nxa7 49. Kxb4 exd4 50. exd4 Kd5 51. Nd3 Kxd4 1-0

[Event "Huarte Puente Foral op-B 5th"]
[Site "Huarte"]
[Date "2010.12.04"]
[Round "3"]
[White "Urbieta Gabancho, Koldo"]
[Black "Ortega Lopez, Mikel"]
[Result "1-0"]
[WhiteElo "1972"]
[BlackElo "1678"]
[PlyCount "135"]
[EventDate "2010.12.03"]
[EventType "swiss"]
[EventRounds "7"]
[EventCountry "ESP"]
[SourceTitle "EXT 2016"]
[Source "ChessBase"]
[SourceDate "2015.10.08"]
[SourceVersion "1"]
[SourceVersionDate "2015.10.08"]
[SourceQuality "1"]

1. e4 c5 2. Nf3 e6 3. d3 Nc6 4. g3 d6 5. Bg2 Nf6 6. 0-0 Be7 7. Nbd2 0-0 8. Re1 Bd7 9. h3 a6 10. Nf1 Rc8 11. g4 Be8 12. Ng3 Nd7 13. c3 Nb6 14. Be3 d5 15. exd5 Nxd5 16. Bc1 Bd6 17. Ne4 Nce7 18. Nxd6 Qxd6 19. d4 c4 20. Ng5 Bc6 21. Qc2 Nf6 22. Qe2 Ng6 23. Ne4 Nxe4 24. Bxe4 Nf4 25. Bxf4 Qxf4 26. Bxc6 Rxc6 27. Qe5 Qxe5 28. Rxe5 Rd8 29. Rae1 Kf8 30. f4 Rd5 31. Kf2 Rb6 32. R1e2 Rdb5 33. Rxb5 Rxb5 34. Ke1 g6 35. Kd1 Ke7 36. Kc2 Ra5 37. Kb1 Rd5 38. b3 b5 39. Kb2 Kd6 40. Ka3 a5 41. bxc4 bxc4 42. Ka4 Kc6 43. Rb2 h5 44. Rb8 Kd7 45. Rb7+ Ke8 46. Rc7 hxg4 47. hxg4 g5 48. fxg5 Rxg5 49. Rxc4 Rxg4 50. Kxa5 f5 51. Rc8+ Ke7 52. Rh8 f4 53. Rh2 Kd6 54. Kb5 f3 55. Rf2 Rg2 56. Rxf3 Rb2+ 57. Kc4 Rxa2 58. Re3 Ra8 59. Re5 Rc8+ 60. Kd3 Rh8 61. Ra5 Rc8 62. c4 Rc6 63. Rh5 Rc8 64. Rh6 Rc6 65. d5 Rc5 66. Rxe6+ Kd7 67. Kd4 Rc8 68. Rh6 1-0

[Event "Euskadi-ch"]
[Site "Zornotza"]
[Date "2008.03.29"]
[Round "6"]
[White "Urbieta Gabancho, Koldo"]
[Black "Ibarretxe Campo, Lander"]
[Result "0-1"]
[WhiteElo "2018"]
[BlackElo "2113"]
[PlyCount "70"]
[EventDate "2008.03.24"]
[EventType "swiss"]
[EventRounds "7"]
[EventCountry "ESP"]
[SourceTitle "CBM 123 Extra"]
[Source "ChessBase"]
[SourceDate "2008.05.06"]
[SourceVersion "1"]
[SourceVersionDate "2008.05.06"]
[SourceQuality "1"]

1. e4 c6 2. d4 d5 3. Nc3 dxe4 4. Nxe4 Nf6 5. Ng3 g6 6. c3 Bg7 7. Bd3 Nbd7 8. Nf3 0-0 9. 0-0 b6 10. Re1 Bb7 11. Qe2 Re8 12. Ba6 Qc8 13. Bxb7 Qxb7 14. Bg5 h6 15. Bf4 Nd5 16. Bd2 Rad8 17. c4 N5f6 18. Bc3 e6 19. Ne5 Nxe5 20. dxe5 Nd7 21. b4 Qc7 22. f4 f5 23. Rad1 Nf8 24. c5 bxc5 25. bxc5 Rd5 26. Qc4 Nd7 27. Bb4 Bf8 28. Rxd5 cxd5 29. Qc2 Bxc5+ 30. Kh1 Rb8 31. Bd2 Qb6 32. Qa4 Qb5 33. Qd1 Qd3 34. Rf1 Rb2 35. Qa4 Qxd2 0-1

[Event "Euskadi-ch"]
[Site "Zornotza"]
[Date "2008.03.26"]
[Round "3"]
[White "Urbieta Gabancho, Koldo"]
[Black "Martin Alvarez, Inigo"]
[Result "0-1"]
[WhiteElo "2018"]
[BlackElo "2189"]
[PlyCount "140"]
[EventDate "2008.03.24"]
[EventType "swiss"]
[EventRounds "7"]
[EventCountry "ESP"]
[SourceTitle "CBM 123 Extra"]
[Source "ChessBase"]
[SourceDate "2008.05.06"]
[SourceVersion "1"]
[SourceVersionDate "2008.05.06"]
[SourceQuality "1"]

1. Nf3 Nf6 2. b3 g6 3. Bb2 Bg7 4. c4 0-0 5. g3 c5 6. Bg2 Nc6 7. 0-0 d6 8. d3 a6 9. Qc1 Rb8 10. Nh4 Qc7 11. f4 b5 12. Nd2 Bb7 13. Ne4 Nxe4 14. Bxg7 Nxg3 15. hxg3 Kxg7 16. Qb2+ Kg8 17. g4 Nd4 18. e3 Bxg2 19. Qxg2 Nc6 20. g5 bxc4 21. dxc4 f5 22. gxf6 exf6 23. Rad1 Rf7 24. Nf5 Rd7 25. Qd5+ Kh8 26. Nh6 Kg7 27. Ng4 f5 28. Ne5 Nxe5 29. fxe5 Rbd8 30. e6 Re7 31. e4 fxe4 32. Rf4 Qb7 33. Qg5 Rde8 34. Qf6+ Kg8 35. Rxd6 Qc8 36. Rxe4 Qc7 37. Rd3 Qc6 38. Rde3 Qd6 39. Kg2 Qc6 40. Kg1 Qd6 41. Kg2 Qd2+ 42. Re2 Qd1 43. Re1 Qd6 44. R1e2 Qc6 45. Kh3 Qd6 46. Kg2 Rf8 47. Qg5 Rf5 48. Qg3 Qxg3+ 49. Kxg3 Kg7 50. Rd2 Kf6 51. Rd6 a5 52. Ra6 g5 53. Kg4 Kg6 54. Rxa5 h5+ 55. Kg3 g4 56. Ra8 Rf3+ 57. Kg2 Kf5 58. Re2 Rxe6 59. Rf8+ Rf6 60. Rh8 Kg5 61. Re5+ R6f5 62. Rxf5+ Rxf5 63. Rd8 h4 64. a4 h3+ 65. Kg1 Kh4 66. a5 Kg3 67. Rd3+ Rf3 68. Rd1 Rxb3 69. Ra1 h2+ 70. Kh1 Kh3 0-1

[Event "Euskadi-chTB"]
[Site "Euskadi"]
[Date "2001.01.13"]
[Round "5"]
[White "Pastor Pons, Carlos Luis"]
[Black "Urbieta Gabancho, Koldo"]
[Result "1/2-1/2"]
[WhiteElo "2297"]
[BlackElo "2093"]
[PlyCount "64"]
[EventDate "2000.11.18"]
[EventType "team"]
[EventRounds "9"]
[EventCountry "ESP"]
[SourceTitle "EXT 2006"]
[Source "ChessBase"]
[SourceDate "2005.11.24"]
[SourceVersion "1"]
[SourceVersionDate "2005.11.24"]
[SourceQuality "1"]

1. e4 c5 2. Nf3 Nc6 3. d4 cxd4 4. Nxd4 e5 5. Nb5 a6 6. Nd6+ Bxd6 7. Qxd6 Qf6 8. Qd1 Qg6 9. Nc3 Nf6 10. f3 0-0 11. Be3 d5 12. Nxd5 Nxd5 13. Qxd5 Be6 14. Qd6 Rfd8 15. Qa3 Rac8 16. c3 f5 17. exf5 Qxf5 18. Qa4 Qf7 19. Be2 b5 20. Qh4 Bxa2 21. 0-0 Ne7 22. Bg5 Ng6 23. Qb4 Re8 24. Qa5 Bc4 25. Bxc4 Qxc4 26. Qxa6 e4 27. Qa2 exf3 28. Qxc4+ Rxc4 29. Rxf3 b4 30. Bd2 Ne5 31. Re3 Rd8 32. Rxe5 Rxd2 1/2-1/2

[Event "Euskadi-chTB"]
[Site "Euskadi"]
[Date "2000.11.25"]
[Round "2"]
[White "Urbieta Gabancho, Koldo"]
[Black "Arauzo Sanudo, Sabino"]
[Result "1/2-1/2"]
[WhiteElo "2093"]
[BlackElo "2007"]
[PlyCount "104"]
[EventDate "2000.11.18"]
[EventType "team"]
[EventRounds "9"]
[EventCountry "ESP"]
[SourceTitle "EXT 2006"]
[Source "ChessBase"]
[SourceDate "2005.11.24"]
[SourceVersion "1"]
[SourceVersionDate "2005.11.24"]
[SourceQuality "1"]

1. e4 c6 2. d3 d5 3. Nd2 e5 4. Ngf3 Bd6 5. g3 Nf6 6. Bg2 0-0 7. 0-0 Nbd7 8. Re1 Re8 9. h3 a5 10. Nf1 Nc5 11. N3d2 Be6 12. Ne3 Qd7 13. Kh2 Rad8 14. Qe2 Bc7 15. Nb3 Na6 16. a4 dxe4 17. dxe4 Qc8 18. Nd2 Nc5 19. Nec4 h6 20. Qe3 Ncd7 21. b3 Nf8 22. Bb2 Ng6 23. Bc3 Qa8 24. Nb6 Qa6 25. Ndc4 Bxc4 26. Nxc4 b6 27. Bf3 Qb7 28. Red1 Qb8 29. Rdb1 c5 30. Na3 Qc8 31. Nb5 Bb8 32. Rd1 Rxd1 33. Rxd1 Rd8 34. Qe2 Rxd1 35. Qxd1 Qd7 36. Qe2 Nf8 37. Na3 Ne6 38. Bg4 Nd4 39. Bxd4 Nxg4+ 40. Qxg4 Qxd4 41. Kg2 Qd8 42. Nc4 Bc7 43. Ne3 g6 44. Nd5 Kg7 45. Qf3 Qd6 46. Qd3 h5 47. h4 Bd8 48. Ne3 Qxd3 49. cxd3 Kf6 50. Kf3 Ke6 51. Ke2 f5 52. Nc4 Bc7 1/2-1/2

[Event "Bilbao op"]
[Site "Bilbao"]
[Date "2000.??.??"]
[Round "?"]
[White "Urbieta Gabancho, Koldo"]
[Black "Gomez Esteban, Juan Mario"]
[Result "0-1"]
[WhiteElo "2104"]
[BlackElo "2491"]
[PlyCount "66"]
[EventDate "2000.??.??"]
[EventType "swiss"]
[EventRounds "9"]
[EventCountry "ESP"]
[SourceTitle "EXT 2001"]
[Source "ChessBase"]
[SourceDate "2000.11.22"]
[SourceVersion "1"]
[SourceVersionDate "2000.11.22"]
[SourceQuality "1"]

1. e4 c6 2. d3 d5 3. Nd2 e5 4. Ngf3 Nd7 5. g3 Ngf6 6. Bg2 dxe4 7. dxe4 Bc5 8. 0-0 0-0 9. c3 a5 10. h3 b5 11. Re1 Qb6 12. Re2 Ba6 13. Qc2 b4 14. c4 Rfe8 15. b3 Nf8 16. Bb2 Nh5 17. Kf1 f6 18. Ne1 Ne6 19. Ndf3 Rad8 20. Rd1 Bc8 21. Red2 Bxf2 22. Rxf2 Nxg3+ 23. Kg1 Rxd1 24. Qxd1 Nf4 25. Nd4 Rd8 26. Rxf4 exf4 27. c5 Qxc5 28. Qc2 Qxc2 29. Nexc2 c5 30. Nf3 Rd1+ 31. Kf2 Rb1 32. Bd4 Nxe4+ 33. Ke2 Ba6# 0-1